Vamos fazer um bolo? (Record no. 12662)

MARC details
000 -LÍDER
campo de controle de tamanho fixo 00497 a2200205 4500
001 - NÚMERO DE CONTROLE
campo de controle 12662
020 ## - ISBN - INTERNATIONAL STANDARD BOOK NUMBER
ISBN - International Standard Book Number 9788516071073
041 ## - CÓDIGO DE IDIOMA
Código do idioma do texto/trilha sonora ou título diferente por
090 ## - NÚMERO DE CHAMADA LOCAL
Número de chamada (OCLC) (R); Número de chamada, CALL (RLIN) (NR) P Year 2 028
040 ## - FONTE DA CATALOGAÇÃO
Instituição da catalogação original BR-BrIDEA
Instituição que transcreveu o registro BR-BrIDEA
100 ## - ENTRADA PRINCIPAL--NOME PESSOAL
Nome pessoal Walton, Ruth.
250 ## - EDIÇÃO
Edição 1. ed.
245 10 - TÍTULO
Título Vamos fazer um bolo?
Indicação de responsabilidade, etc. Ruth Walton
260 ## - PUBLICAÇÃO, DISTRIBUIÇÃO, ETC.
Local de publicação, distribuição, etc. [S.l.]
Nome do editor, distribuidor, etc. Moderna
Data da publicação, distribuição, etc. 2012
490 ## - TÍTULO DA SÉRIE
Título da série Série descoberta
697 ## - ENTRADA DE ASSUNTO LOCAL--ENTIDADE COLETIVA (RLIN)
Nome corporativo ou nome da jurisdição Literatura infanto-juvenil
830 ## - ENTRADA SECUNDÁRIA DE SÉRIE--TÍTULO UNIFORME
Título uniforme Série descoberta
856 ## - LOCALIZAÇÃO ELETRÔNICA E ACESSO
Uniform Resource Identifier <a href="000024/0000248c.jpg">000024/0000248c.jpg</a>
942 ## - ELEMENTOS DE ENTRADA ADICIONADOS (KOHA)
Tipo de material Koha Livros
Holdings
Situação do descarte Situação das perdas Situação física Não pode ser emprestado Biblioteca de origem Biblioteca atual Data de aquisição Total de empréstimos Número de chamada completo Código de barras Data de último acesso Data do preço efetivo Tipo de material Koha Fonte da classificação ou esquema de arquivamento na estante Data do último empréstimo
        Colégio Anchieta - Aquarius Colégio Anchieta - Aquarius 21/11/2023   028.5 WAL VAM 3910/AQU 21/11/2023 21/11/2023 Livros    
        Colégio Anchieta - Bela Vista Colégio Anchieta - Bela Vista 21/11/2023   028.5 W241v WAL VAM 553/BEL 21/11/2023 21/11/2023 Livros    
        Colégio São Paulo Colégio São Paulo 22/11/2023   LI 028.5 W238v 5085/CSP 22/11/2023 22/11/2023 Livros    
        ECB - SUDOESTE ECB - SUDOESTE 07/03/2014 1 P Year 2 028 00007778SSW 26/04/2024 23/01/2024 Livros Classificação Decimal de Dewey 08/03/2024
        ECB - SUDOESTE ECB - SUDOESTE 07/03/2014   P Year 2 028 00007777SSW 23/01/2024 23/01/2024 Livros Classificação Decimal de Dewey  
        ECB - SUDOESTE ECB - SUDOESTE 12/02/2014   P Year 2 028 00007031SSW 23/01/2024 23/01/2024 Livros Classificação Decimal de Dewey